[Event "Araraquara op"]
[Site "Araraquara"]
[Date "2023.02.20"]
[Round "3.26"]
[White "Hirota da Silva, Nilton Jose"]
[Black "Meirelles, Olyntho Vitoria"]
[Result "1/2-1/2"]
[WhiteElo "1836"]
[BlackElo "1394"]
[PlyCount "80"]
[EventDate "2023.02.19"]
[EventType "swiss"]
[EventRounds "6"]
[EventCountry "BRA"]
[SourceTitle "CBM 213 Extra"]
[Source "ChessBase"]
[SourceDate "2023.05.31"]
[SourceVersion "1"]
[SourceVersionDate "2023.05.31"]
[SourceQuality "1"]

1. d4 c6 2. Nf3 d5 3. g3 Bg4 4. Bg2 e6 5. 0-0 Nd7 6. b3 h6 7. Bb2 Ngf6 8. Nbd2 Rc8 9. c4 Bb4 10. a3 Bxd2 11. Nxd2 0-0 12. Rc1 Re8 13. h3 Bh5 14. f4 c5 15. g4 Bg6 16. Nf3 Be4 17. e3 Qb6 18. g5 Bxf3 19. Bxf3 hxg5 20. fxg5 Nh7 21. h4 Qd6 22. Kg2 cxd4 23. Qxd4 e5 24. Qxd5 Qxd5 25. Bxd5 Re7 26. Rxf7 Rxf7 27. Rf1 Rcf8 28. Rxf7 Rxf7 29. g6 Nhf6 30. Bxf7+ Kf8 31. Bc3 b6 32. Kf3 Ke7 33. Bb4+ Nc5 34. Bxc5+ bxc5 35. Bd5 a5 36. Bb7 Kd6 37. Bc8 Ke7 38. Bh3 Kd6 39. Bf5 Ke7 40. Kg3 Kd6 1/2-1/2

[Event "Araraquara op"]
[Site "Araraquara"]
[Date "2023.02.19"]
[Round "1.39"]
[White "Hirota da Silva, Nilton Jose"]
[Black "Nozaki, Diego"]
[Result "1-0"]
[WhiteElo "1836"]
[BlackElo "1800"]
[PlyCount "79"]
[EventDate "2023.02.19"]
[EventType "swiss"]
[EventRounds "6"]
[EventCountry "BRA"]
[SourceTitle "CBM 213 Extra"]
[Source "ChessBase"]
[SourceDate "2023.05.31"]
[SourceVersion "1"]
[SourceVersionDate "2023.05.31"]
[SourceQuality "1"]

1. d4 Nf6 2. Bg5 d5 3. e3 e6 4. Bd3 Be7 5. Nf3 Nbd7 6. 0-0 h6 7. Bf4 c5 8. c3 Ne4 9. Nbd2 Ndf6 10. Ne5 Nxd2 11. Qxd2 Ne4 12. Bxe4 dxe4 13. Qc2 0-0 14. Qxe4 f5 15. Qc2 Bd7 16. Rfd1 Qe8 17. Nxd7 Qxd7 18. dxc5 Qc6 19. Bd6 Rae8 20. Rd2 Rf6 21. b4 Rg6 22. g3 h5 23. Bxe7 Rxe7 24. Qd3 Kh7 25. Re1 h4 26. Qd6 Qe8 27. Rd4 hxg3 28. Rh4+ Kg8 29. hxg3 Rd7 30. Qe5 Rd8 31. Rd4 Qe7 32. Red1 Rf8 33. b5 Rg5 34. Rd7 Qe8 35. c6 bxc6 36. bxc6 Qg6 37. Rd8 Rxd8 38. Rxd8+ Kh7 39. Qb8 f4 40. Rh8# 1-0

[Event "Rio Negrinho Froebel op"]
[Site "Rio Negrinho"]
[Date "2021.07.11"]
[Round "5"]
[White "Moyses Sobrinho, Elias"]
[Black "Hirota da Silva, Nilton Jose"]
[Result "1-0"]
[WhiteElo "1845"]
[BlackElo "1880"]
[PlyCount "101"]
[EventDate "2021.07.09"]
[EventType "swiss"]
[EventRounds "6"]
[EventCountry "BRA"]
[SourceTitle "EXT 2022"]
[Source "ChessBase"]
[SourceDate "2021.10.06"]
[SourceVersion "1"]
[SourceVersionDate "2021.10.06"]
[SourceQuality "1"]

1. d4 c6 2. c4 d6 3. Nc3 e5 4. dxe5 dxe5 5. Qxd8+ Kxd8 6. Nf3 f6 7. e4 Kc7 8. Be2 Be6 9. Be3 Nd7 10. 0-0 g5 11. a3 h5 12. b4 Ne7 13. c5 Ng6 14. Nd2 Nf4 15. Bxf4 gxf4 16. Bc4 Bg8 17. Bxg8 Rxg8 18. Nf3 Be7 19. Nh4 Rgd8 20. Nf5 Bf8 21. Rfd1 a5 22. Kf1 axb4 23. axb4 Rxa1 24. Rxa1 Nb8 25. Ke2 Na6 26. Ra4 Re8 27. Nd1 Kb8 28. Nb2 Nc7 29. Nc4 Nb5 30. Ra1 Rd8 31. f3 Kc7 32. Nb6 Nc3+ 33. Ke1 Nb5 34. Rd1 Rxd1+ 35. Kxd1 Na7 36. Kc2 Nc8 37. Nxc8 Kxc8 38. Kd3 Kc7 39. Kc4 b5+ 40. Kd3 Kd7 41. Ke2 Ke6 42. Kf2 Kf7 43. g4 fxg3+ 44. Kxg3 Kg6 45. Kh4 Bxc5 46. bxc5 b4 47. Ne3 b3 48. Nc4 Kh6 49. Kg3 f5 50. h4 Kg7 51. Kf2 1-0

[Event "Sao Paulo Hebraica op 27th"]
[Site "Sao Paulo"]
[Date "2020.01.10"]
[Round "2"]
[White "Hirota da Silva, Nilton Jose"]
[Black "Bokhonok, Tatiana dos Santos"]
[Result "1-0"]
[WhiteElo "1880"]
[BlackElo "1213"]
[PlyCount "91"]
[EventDate "2020.01.10"]
[EventType "swiss"]
[EventRounds "6"]
[EventCountry "BRA"]
[SourceTitle "CBM 194 Extra"]
[Source "ChessBase"]
[SourceDate "2020.03.31"]
[SourceVersion "1"]
[SourceVersionDate "2020.03.31"]
[SourceQuality "1"]

1. e4 c6 2. c4 e6 3. Nc3 d5 4. cxd5 exd5 5. exd5 cxd5 6. d4 Nf6 7. Nf3 Bg4 8. Qa4+ Nc6 9. Ne5 Bd7 10. Nxd7 Qxd7 11. Be2 a6 12. 0-0 Bd6 13. Bf3 Qf5 14. Re1+ Be7 15. Be3 0-0 16. Qd1 Nb4 17. Be2 g6 18. Rc1 Ne4 19. a3 Nxc3 20. Rxc3 Nc6 21. h3 Bg5 22. Bf3 Bxe3 23. Rcxe3 Rfd8 24. Qd2 Qf6 25. Rd1 Re8 26. Bxd5 Rad8 27. Ba2 Rxe3 28. fxe3 Qd6 29. Rf1 Rf8 30. Qf2 Nd8 31. Qf3 Kg7 32. Qd5 Qg3 33. Qf3 Qd6 34. Qd1 Re8 35. Re1 Qg3 36. e4 Qf4 37. Bd5 f5 38. e5 b5 39. Qd3 Ne6 40. Bxe6 Rxe6 41. g3 Qg5 42. d5 Re8 43. e6 Qd8 44. d6 Kf6 45. Qd4+ Kg5 46. Qh4# 1-0

[Event "Hebraica op 26th"]
[Site "Hebraica"]
[Date "2019.01.12"]
[Round "3"]
[White "Frattini, Beatriz Maria"]
[Black "Hirota da Silva, Nilton Jose"]
[Result "1/2-1/2"]
[WhiteElo "1638"]
[BlackElo "1942"]
[PlyCount "82"]
[EventDate "2019.01.11"]
[EventType "swiss"]
[EventRounds "6"]
[EventCountry "BRA"]
[SourceTitle "EXT 2020"]
[Source "ChessBase"]
[SourceDate "2019.10.17"]
[SourceVersion "1"]
[SourceVersionDate "2019.10.17"]
[SourceQuality "1"]

1. e4 c6 2. d4 d6 3. Nc3 e5 4. dxe5 dxe5 5. Qxd8+ Kxd8 6. Bc4 f6 7. Be3 Kc7 8. a3 Nd7 9. 0-0-0 a5 10. Be6 Nc5 11. Bxc8 Rxc8 12. a4 Ne6 13. Nge2 Bc5 14. Bxc5 Nxc5 15. f3 Ne7 16. Rd2 Rcd8 17. Rhd1 Rxd2 18. Rxd2 Nc8 19. b3 Re8 20. Nd1 Nd6 21. Ne3 g6 22. g4 Rb8 23. h3 Ne6 24. c3 b6 25. Kc2 Rh8 26. b4 Nf4 27. Nxf4 exf4 28. Ng2 g5 29. Kb3 h5 30. Ne1 hxg4 31. hxg4 Nf7 32. Nd3 Rh3 33. Rf2 axb4 34. cxb4 Rh1 35. Kc3 Rh3 36. Kd4 Rh8 37. Kc3 Ne5 38. Nxe5 fxe5 39. Rd2 Rh1 40. Kb2 Rf1 41. Rd3 Rf2+ 1/2-1/2

[Event "Cananeia U2200"]
[Site "Cananeia"]
[Date "2018.06.23"]
[Round "2.4"]
[White "Ribeiro, Leandro Novais"]
[Black "Hirota da Silva, Nilton Jose"]
[Result "0-1"]
[WhiteElo "1715"]
[BlackElo "1946"]
[PlyCount "78"]
[EventDate "2018.06.23"]
[EventType "swiss"]
[EventRounds "6"]
[EventCountry "BRA"]
[SourceTitle "EXT 2022"]
[Source "ChessBase"]
[SourceDate "2021.10.06"]
[SourceVersion "1"]
[SourceVersionDate "2021.10.06"]
[SourceQuality "1"]

1. e4 c6 2. d4 d5 3. exd5 cxd5 4. c3 Nf6 5. Nf3 Nc6 6. Be2 Bg4 7. Nbd2 e6 8. 0-0 Bd6 9. Ng5 Bf5 10. Re1 h6 11. Ngf3 0-0 12. Nh4 Bh7 13. g3 Qc7 14. f4 Ne4 15. Nxe4 dxe4 16. Be3 Rfd8 17. a4 Ne7 18. Qd2 Nd5 19. Ng2 f5 20. a5 Bg6 21. Rec1 Qe7 22. Qd1 Kh8 23. c4 Nxe3 24. Nxe3 Bc5 25. Qb3 Bxd4 26. Kg2 Bxe3 27. Qxe3 a6 28. c5 Be8 29. b4 Bc6 30. Kg1 e5 31. Ra3 Rd4 32. Rb3 Rad8 33. b5 axb5 34. Bxb5 Bxb5 35. Rxb5 Rd3 36. Qe2 exf4 37. gxf4 Qh4 38. Qf2 Qg4+ 39. Qg2 Rd1+ 0-1

[Event "Sao Paulo Carnaval op"]
[Site "Sao Paulo"]
[Date "2018.02.13"]
[Round "7"]
[White "Hirota da Silva, Nilton Jose"]
[Black "Nunes, Agatha Hurba"]
[Result "0-1"]
[WhiteElo "1953"]
[BlackElo "1849"]
[PlyCount "108"]
[EventDate "2018.02.10"]
[EventType "swiss"]
[EventRounds "7"]
[EventCountry "BRA"]
[SourceTitle "CBM 183 Extra"]
[Source "ChessBase"]
[SourceDate "2018.04.19"]
[SourceVersion "1"]
[SourceVersionDate "2018.04.19"]
[SourceQuality "1"]

1. d4 e6 2. e3 f5 3. f4 Nf6 4. Nf3 Be7 5. Bd3 b6 6. 0-0 Bb7 7. c4 0-0 8. Nc3 Ne4 9. Qc2 d5 10. b3 a5 11. a3 c6 12. Bb2 Nd7 13. Rfd1 Ndf6 14. Ne5 Bd6 15. Na4 Rc8 16. c5 bxc5 17. dxc5 Bc7 18. Bd4 Nd7 19. Nf3 Ra8 20. Qe2 Qc8 21. Ne5 Bxe5 22. fxe5 Ba6 23. Rac1 Bxd3 24. Qxd3 Ra7 25. Nb6 Qc7 26. Nxd7 Qxd7 27. Rb1 Rb8 28. b4 axb4 29. Rxb4 Rxb4 30. axb4 Qb7 31. Rb1 Ra2 32. b5 Rd2 33. Qf1 cxb5 34. Rxb5 Qxb5 35. Qxb5 Rd1+ 36. Qf1 Rxf1+ 37. Kxf1 Kf8 38. c6 Ke8 39. h3 Kd8 40. Bb6+ Kc8 41. g4 fxg4 42. hxg4 Ng5 43. Ke2 Nf7 44. Bd4 Kc7 45. Kf3 Kxc6 46. Kf4 Kb5 47. g5 g6 48. e4 dxe4 49. Be3 Nd8 50. Kxe4 Kc4 51. Bb6 Nb7 52. Bc7 Nc5+ 53. Kf4 Kd4 54. Bb6 Kd5 0-1

[Event "Florianopolis op 3rd"]
[Site "Florianopolis"]
[Date "2017.01.25"]
[Round "9"]
[White "Silva, Fernando So Barros"]
[Black "Hirota da Silva, Nilton Jose"]
[Result "1/2-1/2"]
[WhiteElo "1702"]
[BlackElo "1938"]
[PlyCount "80"]
[EventDate "2017.01.20"]
[EventType "swiss"]
[EventRounds "10"]
[EventCountry "BRA"]
[SourceTitle "CBM 176 Extra"]
[Source "ChessBase"]
[SourceDate "2017.03.02"]
[SourceVersion "1"]
[SourceVersionDate "2017.03.02"]
[SourceQuality "1"]

1. Nf3 f5 2. d4 Nf6 3. g3 g6 4. Bg2 Bg7 5. c4 0-0 6. Nc3 d6 7. 0-0 c6 8. Bg5 Nbd7 9. Qc2 h6 10. Bxf6 Nxf6 11. e4 Nxe4 12. Nxe4 fxe4 13. Qxe4 Bf5 14. Qe3 g5 15. Rad1 Rf7 16. Nd2 Qb6 17. Nb3 Raf8 18. Rd2 a5 19. Nc1 e5 20. d5 Qxe3 21. fxe3 c5 22. e4 Bd7 23. Rdf2 Rxf2 24. Rxf2 Rxf2 25. Kxf2 g4 26. b3 Bf6 27. Nd3 Bg5 28. Ke2 b5 29. Nf2 h5 30. h3 bxc4 31. bxc4 a4 32. hxg4 hxg4 33. Nd1 Kf7 34. Nc3 Bc1 35. Kd3 Ke7 36. Bf1 a3 37. Be2 Bb2 38. Nb5 Bc1 39. Nc3 Bb2 40. Nb5 Bc1 1/2-1/2

[Event "Florianopolis op 3rd"]
[Site "Florianopolis"]
[Date "2017.01.23"]
[Round "5"]
[White "Hirota da Silva, Nilton Jose"]
[Black "Gauche, Charles"]
[Result "0-1"]
[WhiteElo "1938"]
[BlackElo "2234"]
[PlyCount "88"]
[EventDate "2017.01.20"]
[EventType "swiss"]
[EventRounds "10"]
[EventCountry "BRA"]
[SourceTitle "CBM 176 Extra"]
[Source "ChessBase"]
[SourceDate "2017.03.02"]
[SourceVersion "1"]
[SourceVersionDate "2017.03.02"]
[SourceQuality "1"]

1. c4 e5 2. g3 Nf6 3. Bg2 d5 4. cxd5 Nxd5 5. Nc3 Nb6 6. Nf3 Nc6 7. 0-0 Be7 8. d3 0-0 9. Be3 f5 10. Bxb6 axb6 11. Qb3+ Kh8 12. Qd5 Ra5 13. Qxd8 Rxd8 14. a3 Rc5 15. Rac1 Nd4 16. Nxd4 exd4 17. Nb1 Bg5 18. f4 Bf6 19. Nd2 Rxc1 20. Rxc1 c6 21. a4 Re8 22. Kf2 g5 23. Nc4 gxf4 24. gxf4 Bh4+ 25. Kf1 Be6 26. Nxb6 Bd8 27. Nc4 Bc7 28. Ne5 Bb3 29. a5 Bxa5 30. Nf3 Bd5 31. Nh4 Be6 32. Nxf5 Bd2 33. Rc2 Bxf4 34. Nxd4 Bd7 35. Nf3 Be3 36. Rc3 c5 37. Ra3 Rf8 38. Ke1 Bc6 39. Ra1 Rf4 40. h3 Rb4 41. Rb1 Kg7 42. Kf1 Ba4 43. Ne1 Kf6 44. Be4 h6 0-1

[Event "Registro Oliveira Memorial"]
[Site "Registro"]
[Date "2016.07.03"]
[Round "4.4"]
[White "Ribeiro, Leandro Novais"]
[Black "Hirota da Silva, Nilton Jose"]
[Result "1/2-1/2"]
[WhiteElo "1610"]
[BlackElo "1949"]
[PlyCount "227"]
[EventDate "2016.07.02"]
[EventType "swiss"]
[EventRounds "6"]
[EventCountry "BRA"]
[SourceTitle "EXT 2022"]
[Source "ChessBase"]
[SourceDate "2021.10.06"]
[SourceVersion "1"]
[SourceVersionDate "2021.10.06"]
[SourceQuality "1"]

1. e4 c6 2. d4 d5 3. exd5 cxd5 4. Nf3 Nf6 5. h3 Nc6 6. c3 e6 7. Bd3 Bd6 8. Bg5 h6 9. Bh4 g5 10. Bg3 Bxg3 11. fxg3 Qd6 12. 0-0 Qxg3 13. Bb5 Nd7 14. c4 0-0 15. Nc3 a6 16. cxd5 exd5 17. Ba4 Nb6 18. Qe1 Qxe1 19. Raxe1 Nxa4 20. Nxa4 Rd8 21. h4 gxh4 22. Nxh4 Nxd4 23. Re7 Be6 24. Nc5 Re8 25. Rxb7 Rab8 26. Ra7 Rxb2 27. Nxe6 Nxe6 28. Rfxf7 Rf8 29. Rh7 Rf6 30. Rhe7 Rb1+ 31. Kh2 Rb4 32. Nf3 Re4 33. Rxa6 d4 34. Ra4 h5 35. Kg1 h4 36. Rxd4 Rxd4 37. Rxe6 Rxe6 38. Nxd4 Ra6 39. Nf3 Ra4 40. Kh2 Rxa2 41. Kh3 Kf7 42. Nxh4 Kf6 43. Kg3 Ra8 44. Kf4 Ra4+ 45. Kg3 Kg5 46. Nf3+ Kh5 47. Nh2 Ra8 48. Nf3 Rg8+ 49. Kh3 Rg7 50. Nh2 Kg5 51. Kg3 Kh5+ 52. Kh3 Ra7 53. Nf3 Ra2 54. Kg3 Rb2 55. Kh3 Kg6 56. Nh4+ Kg5 57. Kg3 Rb3+ 58. Nf3+ Kf5 59. Kh2 Kf4 60. Ng1 Ke3 61. Kg3 Rb8 62. Nh3 Rg8+ 63. Kh2 Ke2 64. Kg1 Rg4 65. Nf2 Ra4 66. Nh3 Ra1+ 67. Kh2 Kf1 68. Kh1 Ra2 69. Nf4 Rf2 70. Nd5 Rf8 71. Kh2 Kf2 72. Kh3 Rh8+ 73. Kg4 Kxg2 74. Kf4 Re8 75. Ne3+ Kf2 76. Ng4+ Ke2 77. Ne5 Kd2 78. Ke4 Kc3 79. Kd5 Rd8+ 80. Ke4 Rd1 81. Nf3 Ra1 82. Ke3 Ra4 83. Ne1 Ra8 84. Kf4 Rf8+ 85. Kg3 Kd2 86. Nf3+ Ke3 87. Ng5 Rf1 88. Kg4 Rf4+ 89. Kg3 Ra4 90. Nh3 Ra8 91. Kg4 Rf8 92. Ng5 Rf1 93. Nh3 Rf8 94. Ng5 Rf4+ 95. Kg3 Rb4 96. Nh3 Ke4 97. Nf2+ Kf5 98. Kf3 Rb2 99. Ke3 Rb3+ 100. Nd3 Ra3 101. Kd4 Ra4+ 102. Ke3 Rh4 103. Nf2 Rh8 104. Nd3 Rd8 105. Nb2 Ke5 106. Nd3+ Kd5 107. Nf4+ Kc4 108. Ke4 Re8+ 109. Kf5 Re1 110. Ne6 Kd5 111. Nf4+ Kd6 112. Ng6 Rf1+ 113. Nf4 Rxf4+ 114. Kxf4 1/2-1/2